Random Islands - Statistics

General Stats
  • This quiz has been taken 22 times
    9 since last reset
  • The average score is 25 of 40
Answer Stats
Picture Answer % Correct
Sicily
100%
Tasmania
100%
Hispaniola
86%
Long Island
86%
Mallorca
86%
North Island
86%
South Island
86%
Timor
86%
Bali
71%
Borneo
71%
Corsica
71%
Crete
71%
Hokkaido
71%
Java
71%
Luzon
71%
New Guinea
71%
Sardinia
71%
Victoria Island
71%
Bioko
57%
Bougainville
57%
Ellesmere
57%
Gotland
57%
Hainan
57%
Kangaroo Island
57%
Prince of Wales Island
57%
Sakhalin
57%
Spitsbergen
57%
Sulawesi
57%
Sumatra
57%
Bolshevik
43%
Grand Bahama Island
43%
Jan Mayen
43%
Jeju Island
43%
Mindanao
43%
Palawan
43%
Saaremaa
43%
Severny Island
43%
Socotra
43%
Yuzhny Island
43%
Seram Island
29%
No matching quizzes found
Score Distribution
Percent of People with Each Score
Percentile by Number Answered
Your Score History
You have not taken this quiz since the last reset